000 02949nam a22005415i 4500
001 978-981-16-6827-2
003 DE-He213
005 20260304124148.0
007 cr nn 008mamaa
008 220122s2022 si | s |||| 0|eng d
020 _a9789811668272
_9978-981-16-6827-2
024 7 _a10.1007/978-981-16-6827-2
_2doi
050 4 _aHB172.5
072 7 _aKCB
_2bicssc
072 7 _aBUS039000
_2bisacsh
072 7 _aKCB
_2thema
082 0 4 _a339
_223
245 1 0 _aCentral Bank Policy Mix: Issues, Challenges, and Policy Responses
_h[electronic resource] :
_bHandbook of Central Banking Studies /
_cedited by Perry Warjiyo, Solikin M. Juhro.
250 _a1st ed. 2022.
264 1 _aSingapore :
_bSpringer Nature Singapore :
_bImprint: Springer,
_c2022.
300 _aXIX, 280 p. 61 illus., 60 illus. in color.
_bonline resource.
336 _atext
_btxt
_2rdacontent
337 _acomputer
_bc
_2rdamedia
338 _aonline resource
_bcr
_2rdacarrier
347 _atext file
_bPDF
_2rda
505 0 _aCentral Bank Policy Mix: Key Concepts and Indonesia’s Experience -- Central Bank Policy Mix: Issues, Challenges, and Policy Responses -- Monetary Policy -- Exchange Rate Policy and Regimes -- Managing Capital Flows -- Financial Stability and Systemic Risk -- Macroprudential Policies and Institutional Arrangements.
506 0 _aOpen Access
520 _aThis is an open access book. This book is an integration of keynote speeches, lectures, and related teaching materials during the five years of the "Central Bank Policy Mix: Issues, Challenges and Policy Responses" flagship program of the BI Institute, the learning and research centre of Bank Indonesia. The book examines the interactions among central bank policies including monetary policy, exchange rate policy, macroprudential policy, and capital flow management and also elaborates on modeling issues and quantitative analysis of the interaction between macroeconomic variables and policy instruments. .
650 0 _aMacroeconomics.
650 0 _aFinance.
650 0 _aEconomic policy.
650 1 4 _aMacroeconomics and Monetary Economics.
650 2 4 _aFinancial Economics.
650 2 4 _aEconomic Policy.
700 1 _aWarjiyo, Perry.
_eeditor.
_4edt
_4http://id.loc.gov/vocabulary/relators/edt
_923597
700 1 _aJuhro, Solikin M.
_eeditor.
_0(orcid)0000-0002-9405-8371
_1https://orcid.org/0000-0002-9405-8371
_4edt
_4http://id.loc.gov/vocabulary/relators/edt
_919004
710 2 _aSpringerLink (Online service)
773 0 _tSpringer Nature eBook
776 0 8 _iPrinted edition:
_z9789811668265
776 0 8 _iPrinted edition:
_z9789811668289
776 0 8 _iPrinted edition:
_z9789811668296
856 4 0 _uhttps://doi.org/10.1007/978-981-16-6827-2
912 _aZDB-2-ECF
912 _aZDB-2-SXEF
912 _aZDB-2-SOB
999 _c572122
_d572122